000 00696nam a2200289Ia 4500
005 20260324124342.0
008 008 260324s9999 xx 000 0 eng d
020 _a9780203840122
037 _aEBOOK
040 _aCRL
040 _beng
040 _cCRL
041 _2eng
041 _aeng
084 _qCRL
100 _aMats Alvesson; André Spicer
_91173816
245 0 _aMetaphors We Lead By
245 0 _bUnderstanding Leadership in the Real World
260 _bTaylor and Francis
260 _c2010
365 _a
365 _b280
856 _uhttp://www.taylorfrancis.com/books/9780203840122
942 _cEBOOK
999 _c1768127
_d1768127